名古屋駅から出ている行先 - Statistics

General Stats
  • This quiz has been taken 20 times
  • The average score is 75 of 87
Answer Stats
% Correct
新幹線 東京
100%
三島
100%
静岡
100%
浜松
100%
新大阪
100%
姫路
100%
岡山
100%
広島
100%
博多
100%
東海道本線 浜松
100%
豊橋
100%
岡崎
100%
大府
100%
岐阜
100%
大垣
100%
関ケ原
100%
米原
100%
多治見
100%
中津川
100%
関西本線 桑名
100%
四日市
100%
亀山
100%
金城ふ頭
100%
名鉄名古屋本線 豊橋
100%
東岡崎
100%
金山
100%
名鉄一宮
100%
名鉄岐阜
100%
犬山
100%
近鉄四日市
100%
100%
刈谷
93%
武豊
93%
高蔵寺
93%
土岐市
93%
瑞浪
93%
長野
93%
鳥羽
93%
新安城
93%
中部国際空港
93%
常滑
93%
松阪
93%
鳥羽
93%
大阪難波
93%
富山
86%
中央本線 神領
86%
新宮
86%
伊奈
86%
国府
86%
神宮前
86%
太田川
86%
河和
86%
須ケ口
86%
津島
86%
弥富
86%
岩倉
86%
賢島
86%
地下鉄東山線 藤が丘
86%
高畑
86%
太閤通
86%
笠寺
79%
高山
79%
敦賀
79%
伊勢市
79%
豊明
79%
鳴海
79%
内海
79%
新鵜沼
79%
津新町
79%
伊勢中川
79%
地下鉄桜通線 徳重
79%
本宿
71%
佐屋
71%
宇治山田
71%
五十鈴川
71%
今池
71%
紀伊勝浦
64%
知多半田
64%
近鉄名古屋線 富吉
64%
塩浜
64%
名張
57%
星ヶ丘
57%
野並
57%
瀬戸口
43%
あおなみ線 稲永
43%
岩塚
43%
白塚
29%
No matching quizzes found
Score Distribution
Percent of People with Each Score
Percentile by Number Answered
Your Score History
You have not taken this quiz